000 00339nam a2200133Ia 4500
008 220216s9999 xx 000 0 und d
100 _aLong Ong Eng
245 0 _aIntegrated rubber industry will be viable in Malaysia
260 _bRubber Asia
_c2000
300 _a52-55
650 _aMalaysia
650 _aRubber industry
942 _cJS
999 _c61475
_d61475